Liliputáni a obri

Bibliographic Details
Main Author: Čajková, Jaroslava, 1957- (Author)
Format: Article
Language:Slovak
Subjects:

MARC

LEADER 00000nab a2200000 a 4500
001 vtls000212228
003 SK-MaSNL
005 20260304012202.0
008 040806c1985 xo 0 slo
015 |a SNBRB19rr/mm-uuuuu 
035 |a CL0222342 
040 |a SNKBUCL  |b slo  |c SNKBUCL  |e AACR2 
041 0 |a slo 
044 |a xo  |c SK 
080 |a 792.9  |2 1981 
100 1 |a Čajková, Jaroslava,  |d 1957-  |4 aut  |9 7935 
245 1 0 |a Liliputáni a obri  |c Jaroslava Čajková 
500 |a Na motívy rovnomenného románu J. Swifta napísala Zuzana Bakošová-Hlavenková 
600 1 7 |a Bakošová-Hlavenková, Zuzana,  |d 1947-  |t Gulliverove cesty  |2 snkbucl  |9 1240011 
610 2 7 |a Štátne bábkové divadlo v Bratislave  |2 snkbucl  |9 232472 
650 0 7 |a bábkové hry  |2 snkbucl  |9 85271 
655 7 |a recenzie  |2 snkbucl  |9 21907 
655 7 |a články z novín a časopisov  |2 snkbucl  |9 267496 
773 0 |t Smena  |g Roč. 38, č. 76 (30.3.1985), s. 6 
787 0 8 |i Rec.:  |a Swift, Jonathan, 1667-1745  |t Gulliverove cesty 
850 |a Slovenská národná knižnica v Martine  |a MTA001 
852 |a SNK  |b KIS3GCP 
999 |c 2570310  |d 2572240